Algunos aspectos de la crisis capitalista en las economías latinoamericanas /

Salvato in:
Dettagli Bibliografici
Autore principale: Briones, Alvaro
Altri autori: Zepeda M, Mario
Natura: testo
Soggetti:
Tags: Aggiungi Tag
Nessun Tag, puoi essere il primo ad aggiungerne!!

MARC

LEADER 00000 a a2200000 04500
001 41728
003
040
100 |a Briones, Alvaro  
245 |a Algunos aspectos de la crisis capitalista en las economías latinoamericanas /  |c Alvaro Briones; Mario Zepeda M  
650 |a CAPITALISMO  
650 |a AMERICA LATINA  
650 |a SUBDESARROLLO  
650 |a DEPENDENCIA ECONOMICA  
650 |a INFLACION  
650 |a PAISES EN DESARROLLO  
650 |a EXPORTACIONES  
650 |a ENDEUDAMIENTO  
700 |a Zepeda M, Mario  
773 |g volumen8, número32 ( , 1977), páginas 59-76  
999 |c 27427  |d 27427